000 00624nam a22001937a 4500
999 _c15093
_d15093
003 AR-CdUCM
008 190425b ||||| |||| 00| 0 spa d
020 _a978-84-9825-673-4
040 _aMUNICIPALIDAD PROVINCIAL DEL CUSCO
_cBIBLIOTECA MUNICIPAL DEL CUSCO
082 _aPI / 376.1 /
_bC73
110 _aCombel
_932671
245 _aAdivina quien tiene una cola para nadar /
260 _aBarcelona :
_bCombel,
_c2010.
300 _a8 páginas ;
_bIlustraciones,
_c15 cm.
650 _aLiteratura infantil
_9588
700 _aSantos, Diego De Los (traducción)
_934116
942 _2ddc
_cLIBROS
945 _aacv
_d2019-04-25